The noble scholar, jurist, historian


 His Excellency Dr. Abdul Wahhab bin Ibrahim Abu Sulaiman, may Allah have mercy on him.


 He was born in Umm Al-Qura in the year 1356 AH.

الصفوة الصفية في شرح الدرة الألفية / (Record no. 1096)

MARC details
000 -LEADER
fixed length control field 01424cam a2200301 i 4500
003 - CONTROL NUMBER IDENTIFIER
control field SA-RiAUC
005 - DATE AND TIME OF LATEST TRANSACTION
control field 20241009154714.0
008 - FIXED-LENGTH DATA ELEMENTS--GENERAL INFORMATION
fixed length control field 241009s1999 su g 000 0 ara c
040 ## - CATALOGING SOURCE
Original cataloging agency SA-JeALM
Language of cataloging ara
Transcribing agency SA-RiAUC
Description conventions rda
082 04 - DEWEY DECIMAL CLASSIFICATION NUMBER
Classification number 415.1
090 ## - LOCALLY ASSIGNED LC-TYPE CALL NUMBER (OCLC); LOCAL CALL NUMBER (RLIN)
Classification number (OCLC) (R) ; Classification number, CALL (RLIN) (NR) 415.1
Local cutter number (OCLC) ; Book number/undivided call number, CALL (RLIN) ن ي ل
100 1# - MAIN ENTRY--PERSONAL NAME
Personal name النيلي، إبراهيم بن الحسين،
Dates associated with a name توفي بعد 737 هجري
Relator term مؤلف.
245 12 - TITLE STATEMENT
Title الصفوة الصفية في شرح الدرة الألفية /
Statement of responsibility, etc. تقي الدين إبراهيم بن الحسين ؛ تحقيق محسن بن سالم العميري.
246 30 - VARYING FORM OF TITLE
Title proper/short title شرح الدرة الألفية
264 #1 - PRODUCTION, PUBLICATION, DISTRIBUTION, MANUFACTURE, AND COPYRIGHT NOTICE
Place of production, publication, distribution, manufacture مكة المكرمة :
Name of producer, publisher, distributor, manufacturer جامعة أم القرى،
Date of production, publication, distribution, manufacture, or copyright notice 2000
300 ## - PHYSICAL DESCRIPTION
Extent 3 مجلد ؛
Dimensions 24 سم.
336 ## - CONTENT TYPE
Content type term نص
Content type code txt
Source rdacontent
Materials specified كتاب
337 ## - MEDIA TYPE
Media type term بدون وسيط
Media type code n
Source rdamedia
338 ## - CARRIER TYPE
Carrier type term مجلد
Carrier type code nc
Source rdacarrier
440 #0 - SERIES STATEMENT/ADDED ENTRY--TITLE
Title من التراث الإسلامي
650 #7 - SUBJECT ADDED ENTRY--TOPICAL TERM
Topical term or geographic name entry element اللغة العربية
General subdivision نحو
Source of heading or term aucsh
650 #7 - SUBJECT ADDED ENTRY--TOPICAL TERM
Topical term or geographic name entry element اللغة العربية
General subdivision صرف
Source of heading or term aucsh
700 1# - ADDED ENTRY--PERSONAL NAME
Personal name العميري، محسن سالم رشيد،
Dates associated with a name 1366 هجري-
Relator term محقق.
700 12 - ADDED ENTRY--PERSONAL NAME
Personal name بن معطي، يحيى بن عبد المعطي بن عبد النور،
Dates associated with a name 564-628 هجرى
Title of a work الدرة الألفية في علم العربية.
740 22 - ADDED ENTRY--UNCONTROLLED RELATED/ANALYTICAL TITLE
Uncontrolled related/analytical title الدرة الألفية في علم العربية.
942 ## - ADDED ENTRY ELEMENTS (KOHA)
Source of classification or shelving scheme Dewey Decimal Classification
Koha item type Books
Suppress in OPAC No
949 ## - LOCAL PROCESSING INFORMATION (OCLC)
a SA-JeALM
d 241009
u mohamedma123
n 1
Holdings
Withdrawn status Lost status Source of classification or shelving scheme Materials specified (bound volume or other part) Damaged status Not for loan Home library Current library Date acquired Total checkouts Full call number Barcode Date last seen Price effective from Koha item type
    Dewey Decimal Classification الجزء الاول : القسم الثاني     DR AbdElwahab Library DR AbdElwahab Library 10/09/2024   415.1 ن ي ل 000001534 10/09/2024 10/09/2024 Books
    Dewey Decimal Classification الجزء الثاني : القسم الثاني مع الفهارس     DR AbdElwahab Library DR AbdElwahab Library 10/09/2024   415.1 ن ي ل 000001535 10/09/2024 10/09/2024 Books